[Event "MPL-1 Indian Chess Tour 2022"]
[Site "Online"]
[Date "2022.03.27"]
[Round "14.5"]
[White "Mendonca, Leon Luke"]
[Black "Iniyan, P."]
[Result "0-1"]
[WhiteElo "2536"]
[BlackElo "2516"]
[Annotator "ChessBase"]
[PlyCount "122"]
[EventDate "2022.03.30"]
[EventType "tourn"]
[EventCountry "NET"]
[SourceTitle "playchess.com"]
[Source "ChessBase"]
[SourceQuality "1"]
[TimeControl "5400+30"]

1. Nf3 {[%emt 1:15:40]} Nf6 {[%emt 1:15:40]} 2. c4 {[%emt 0:00:24]} e6 {[%emt 0:00:25]} 3. Nc3 {[%emt 0:00:24]} c5 {[%emt 0:00:23]} 4. g3 {[%emt 0:00:25]} b6 {[%emt 0:00:26]} 5. Bg2 {[%emt 0:00:25]} Bb7 {[%emt 0:00:21]} 6. O-O {[%emt 0:00:22]} Be7 {[%emt 0:00:22]} 7. d4 {[%emt 0:00:43]} cxd4 {[%emt 0:00:20]} 8. Qxd4 {[%emt 0:00:23]} O-O {[%emt 0:00:45]} 9. Rd1 {[%emt 0:00:31]} Qc8 {[%emt 0:02:16]} 10. Bf4 {[%emt 0:02:59]} Nc6 {[%emt 0:00:23]} 11. Qd2 {[%emt 0:00:33]} d6 {[%emt 0:01:20]} 12. Rac1 {[%emt 0:05:19]} Na5 {[%emt 0:01:33]} 13. b3 {[%emt 0:00:25]} Rd8 {[%emt 0:00:25]} 14. h3 {[%emt 0:00:37]} h6 {[%emt 0:01:13]} 15. g4 {[%emt 0:00:38]} Ne4 {[%emt 0:01:13]} 16. Nxe4 {[%emt 0:00:42]} Bxe4 {[%emt 0:00:20]} 17. Qe3 {[%emt 0:00:43]} Bb7 {[%emt 0:00:54]} 18. Bg3 {[%emt 0:00:44]} Qc7 {[%emt 0:01:15]} 19. h4 {[%emt 0:01:46]} Rac8 {[%emt 0:00:41]} 20. Nd4 {[%emt 0:02:26]} Bxg2 {[%emt 0:00:34]} 21. Kxg2 {[%emt 0:00:20]} Qb7+ {[%emt 0:00:36]} 22. Qf3 {[%emt 0:00:45]} Qxf3+ {[%emt 0:01:49]} 23. Kxf3 {[%emt 0:00:22]} a6 {[%emt 0:00:33]} 24. h5 {[%emt 0:01:00]} Bf6 {[%emt 0:01:01]} 25. e3 {[%emt 0:01:01]} Kf8 {[%emt 0:00:36]} 26. Rc2 {[%emt 0:01:13]} Ke8 {[%emt 0:01:29]} 27. Rcd2 {[%emt 0:01:45]} d5 {[%emt 0:00:42]} 28. cxd5 {[%emt 0:00:22]} Rxd5 {[%emt 0:00:20]} 29. Ke2 {[%emt 0:00:37]} Nb7 {[%emt 0:01:12]} 30. Nf3 {[%emt 0:00:53]} Rxd2+ {[%emt 0:00:27]} 31. Rxd2 {[%emt 0:00:21]} Nc5 {[%emt 0:00:35]} 32. Rc2 {[%emt 0:00:27]} Kd7 {[%emt 0:01:47]} 33. Ne5+ {[%emt 0:00:37]} Bxe5 {[%emt 0:00:22]} 34. Bxe5 {[%emt 0:00:21]} f6 {[%emt 0:00:20]} 35. Bd4 {[%emt 0:00:23]} Nxb3 {[%emt 0:00:23]} 36. Rb2 {[%emt 0:00:39]} Nxd4+ {[%emt 0:00:22]} 37. exd4 {[%emt 0:00:21]} b5 {[%emt 0:00:31]} 38. Kd3 {[%emt 0:00:55]} Rc4 {[%emt 0:00:22]} 39. f4 {[%emt 0:00:35]} Kd6 {[%emt 0:00:22]} 40. g5 {[%emt 0:00:21]} fxg5 {[%emt 0:01:06]} 41. fxg5 {[%emt 0:00:22]} Kd5 {[%emt 0:00:21]} 42. g6 {[%emt 0:00:46]} Rxd4+ {[%emt 0:00:32]} 43. Kc3 {[%emt 0:00:21]} e5 {[%emt 0:01:57]} 44. Rf2 {[%emt 0:00:44]} Rf4 {[%emt 0:00:22]} 45. Rd2+ {[%emt 0:00:29]} Ke6 {[%emt 0:00:21]} 46. Rd8 {[%emt 0:00:36]} Ra4 {[%emt 0:01:38]} 47. Kb3 {[%emt 0:00:58]} Kf6 {[%emt 0:00:25]} 48. Rd7 {[%emt 0:00:29]} Kg5 {[%emt 0:00:54]} 49. Rxg7 {[%emt 0:00:24]} Kxh5 {[%emt 0:00:21]} 50. Rg8 {[%emt 0:00:37]} e4 {[%emt 0:00:26]} 51. a3 {[%emt 0:00:33]} e3 {[%emt 0:00:39]} 52. Re8 {[%emt 0:00:26]} Kxg6 {[%emt 0:00:21]} 53. Rxe3 {[%emt 0:00:21]} h5 {[%emt 0:00:21]} 54. Re8 {[%emt 0:00:22]} h4 {[%emt 0:00:23]} 55. Rg8+ {[%emt 0:00:25]} Kf5 {[%emt 0:00:22]} 56. Rh8 {[%emt 0:00:22]} Kg4 {[%emt 0:00:21]} 57. Rg8+ {[%emt 0:00:20]} Kf3 {[%emt 0:00:22]} 58. Rh8 {[%emt 0:00:23]} Kg3 {[%emt 0:00:21]} 59. Rg8+ {[%emt 0:00:21]} Rg4 {[%emt 0:00:22]} 60. Ra8 {[%emt 0:00:21]} h3 {[%emt 0:00:24]} 61. Rxa6 {[%emt 0:00:24]} h2 {[%emt 0:00:21]} 0-1

[Event "MPL-1 Indian Chess Tour 2022"]
[Site "Online"]
[Date "2022.03.27"]
[Round "14.6"]
[White "Narayanan.S.L"]
[Black "Gupta, Abhijeet"]
[Result "0-1"]
[WhiteElo "2658"]
[BlackElo "2628"]
[Annotator "TA"]
[PlyCount "106"]
[EventDate "2022.03.30"]
[EventType "tourn"]
[EventCountry "NET"]
[SourceTitle "playchess.com"]
[Source "ChessBase"]
[SourceQuality "1"]

{[%evp 9,106,50,53,53,56,45,49,40,40,44,56,51,97,48,85,0,12,14,2,-24,-20,-31,-27,-20,-33,-16,-39,-27,-40,-72,-41,-44,-43,-69,-6,-42,-41,-92,-33,-38,-41,-44,0,0,0,-54,-36,-52,-59,-86,-66,-83,-81,-118,-106,-106,-93,-175,-105,-179,-148,-150,-96,-113,-100,-104,143,147,125,13,13,-117,-149,-145,-154,-382,-241,-611,-604,-560,-559,-1650,-1672,-1634,-1557,-1689,-1668,-1498,-1460,-29988,-29988,-29988,-29989,-29989,-29990,-29990,-29991,-29991,-29992]} 1. Nf3 Nf6 2. c4 g6 3. Nc3 Bg7 4. e4 e5 5. Nxe5 O-O {[%cal Of6e4]} 6. Nf3 {A16: English Opening: 1...Nf6 with ...d5.} Re8 7. d3 d5 $1 8. cxd5 {White is slightly better.} Nxd5 9. Bd2 c5 10. Be2 Nb4 {[#]} (10... Nc7 $14) 11. O-O $146 (11. Bg5 $16 Qa5 12. O-O) ({Predecessor:} 11. Bg5 Qd6 12. a3 N4a6 13. O-O Nc6 14. Rc1 Bg4 15. Qd2 Bxf3 16. Bxf3 Nc7 17. Bg4 {1-0 (73) Van Foreest,L (2535)-Papadiamandis,E (2404) Plovdiv 2021}) 11... N8c6 12. a3 (12. Bg5 $16 Qd6 13. a3) 12... Nxd3 $11 13. Bg5 Nxb2 14. Qc2 {[#]} (14. Qc1 $5 {[%cal Rg5d8]} Nd3 15. Qe3 $11) 14... Nd4 $1 15. Nxd4 Qxd4 (15... Qxg5 16. Nf3 Qf6 17. e5 Rxe5 18. Qxb2 $16) 16. Rac1 $1 Qxc3 17. Qxc3 Bxc3 18. Rxc3 Na4 19. Re3 {Threatens to win with Bb5.} Bd7 {Prevents Bb5.} 20. h4 Bc6 21. f3 h5 ({Black should try} 21... b5 $15) 22. Kf2 b5 23. Rg1 (23. Rd3 $15 c4 24. Rd6) 23... Re5 ({Better is} 23... c4 $17 24. Rd1 Nc5) 24. g4 $15 hxg4 25. Rxg4 Kg7 26. Rd3 Re6 {Against Rd6} 27. Rg1 (27. Be3 $11) 27... f6 28. Bf4 Rh8 29. Bg3 c4 30. Rd4 Nc5 31. Bf1 Kf7 $1 {&Nero is more active.} 32. Bh3 Ree8 33. Rgd1 (33. Ke2 $17 {keeps fighting.}) 33... g5 (33... c3 $19 34. Rc1 Nb3) 34. a4 (34. Ke3 $17) 34... gxh4 35. Bh2 Nd3+ (35... Nxa4 36. Rd6 Nc3 37. Ra1 Rxe4 38. Rxc6 (38. Rxa7+ Kg6 $11) 38... Re2+ 39. Kg1 $11) (35... c3 $142 {White must now prevent ...c2.} 36. axb5 Bxb5) 36. Ke3 $17 Rd8 {Hoping for ...Rxd4.} ({And not} 36... bxa4 37. Rb1 Ne5 38. Rd6 $15) 37. axb5 Rxd4 {Dancing on a razor blade.} (37... Bxb5 $17 {keeps the pressure on. Strongly threatening ...Rxd4.} 38. Rd5 a6) 38. bxc6 $16 Rdd8 {[%cal Od8c8]} 39. Ra1 (39. c7 $1 $16 {[%cal Rc7d8]}) 39... Ra8 40. Kd4 {[#]} (40. c7 $11 {keeps the balance.}) 40... Nb4 $1 $17 {...Nc2+ is the strong threat.} 41. Kc5 a5 42. Rd1 $2 {Loses the game.} (42. c7 $17 c3 43. Kb5) 42... Nd3+ 43. Kb6 $2 (43. Kb5) 43... a4 $19 44. c7 a3 45. Kb7 a2 46. Ra1 Nc5+ 47. Kc6 Nb3 48. Rd1 a1=Q 49. Rd7+ Kg6 {Black mates.} 50. Bf5+ Kh5 51. Bg4+ {[#]} Kg5 $1 52. Rd5+ f5 53. Rxf5+ Kg6 {Weighted Error Value: White=0.48/Black=0.25 (precise)} 0-1

[Event "MPL-1 Indian Chess Tour 2022"]
[Site "Online"]
[Date "2022.03.31"]
[Round "14.7"]
[White "Karthikeyan, Murali"]
[Black "Sadhwani, Raunak"]
[Result "0-1"]
[WhiteElo "2622"]
[BlackElo "2616"]
[Annotator "ChessBase"]
[PlyCount "54"]
[EventDate "2022.03.30"]
[EventType "tourn"]
[EventCountry "NET"]
[SourceTitle "playchess.com"]
[Source "ChessBase"]
[SourceQuality "1"]
[TimeControl "5400+30"]

1. Nf3 {[%emt 1:15:40]} d5 {[%emt 1:15:40]} 2. g3 {[%emt 0:00:22]} g6 {[%emt 0:00:22]} 3. c4 {[%emt 0:00:38]} dxc4 {[%emt 0:00:21]} 4. Bg2 {[%emt 0:00:27]} Bg7 {[%emt 0:00:48]} 5. Qa4+ {[%emt 0:01:07]} Nc6 {[%emt 0:00:25]} 6. Qxc4 {[%emt 0:00:39]} e5 {[%emt 0:00:26]} 7. Nc3 {[%emt 0:00:39]} Nge7 {[%emt 0:00:24]} 8. d3 {[%emt 0:00:24]} O-O {[%emt 0:00:27]} 9. h4 {[%emt 0:00:39]} Be6 {[%emt 0:02:38]} 10. Qa4 {[%emt 0:00:23]} h6 {[%emt 0:00:36]} 11. O-O {[%emt 0:05:32]} Nd4 {[%emt 0:01:29]} 12. Be3 {[%emt 0:01:18]} Nef5 {[%emt 0:01:33]} 13. Bxd4 {[%emt 0:00:26]} exd4 {[%emt 0:01:19]} 14. Ne4 {[%emt 0:00:26]} Bd5 {[%emt 0:00:39]} 15. Rfc1 {[%emt 0:00:52]} Re8 {[%emt 0:00:53]} 16. h5 {[%emt 0:02:08]} g5 {[%emt 0:01:41]} 17. g4 {[%emt 0:01:50]} Nh4 {[%emt 0:04:37]} 18. Nxh4 {[%emt 0:00:27]} gxh4 {[%emt 0:00:20]} 19. Qb5 {[%emt 0:01:22]} Re5 {[%emt 0:01:50]} 20. Rc5 {[%emt 0:03:28]} a6 {[%emt 0:00:34]} 21. Qa5 {[%emt 0:01:42]} Bxe4 {[%emt 0:00:40]} 22. Rxe5 {[%emt 0:00:36]} b6 {[%emt 0:00:21]} 23. Bxe4 {[%emt 0:00:39]} bxa5 {[%emt 0:00:24]} 24. Rf5 {[%emt 0:00:21]} Rb8 {[%emt 0:00:43]} 25. b3 {[%emt 0:00:34]} Rb5 {[%emt 0:00:27]} 26. Rc1 {[%emt 0:00:22]} Rxf5 {[%emt 0:00:22]} 27. Bxf5 {[%emt 0:00:26]} Qe7 {[%emt 0:00:30]} 0-1

[Event "MPL-1 Indian Chess Tour 2022"]
[Site "Online"]
[Date "2022.03.27"]
[Round "14.8"]
[White "Aryan Chopra"]
[Black "Gukesh D"]
[Result "0-1"]
[WhiteElo "2585"]
[BlackElo "2614"]
[Annotator "ChessBase"]
[PlyCount "72"]
[EventDate "2022.03.30"]
[EventType "tourn"]
[EventCountry "NET"]
[SourceTitle "playchess.com"]
[Source "ChessBase"]
[SourceQuality "1"]
[TimeControl "5400+30"]

1. e4 {[%emt 1:15:40]} c5 {[%emt 1:15:40]} 2. c3 {[%emt 0:00:22]} Nf6 {[%emt 0:00:23]} 3. e5 {[%emt 0:00:22]} Nd5 {[%emt 0:00:21]} 4. d4 {[%emt 0:00:21]} cxd4 {[%emt 0:00:20]} 5. Nf3 {[%emt 0:00:21]} e6 {[%emt 0:00:21]} 6. cxd4 {[%emt 0:00:22]} d6 {[%emt 0:00:20]} 7. Bc4 {[%emt 0:00:22]} Be7 {[%emt 0:00:23]} 8. O-O {[%emt 0:00:21]} Nc6 {[%emt 0:00:23]} 9. Qe2 {[%emt 0:00:22]} O-O {[%emt 0:00:22]} 10. Rd1 {[%emt 0:00:22]} Na5 {[%emt 0:00:28]} 11. Bd3 {[%emt 0:00:23]} Nb4 {[%emt 0:00:26]} 12. Nc3 {[%emt 0:00:36]} Nxd3 {[%emt 0:00:23]} 13. Rxd3 {[%emt 0:00:22]} Bd7 {[%emt 0:00:25]} 14. Bf4 {[%emt 0:02:38]} dxe5 {[%emt 0:04:56]} 15. Nxe5 {[%emt 0:01:34]} Nc6 {[%emt 0:00:28]} 16. Rad1 {[%emt 0:00:23]} Bb4 {[%emt 0:01:43]} 17. Rh3 {[%emt 0:01:35]} g6 {[%emt 0:03:27]} 18. d5 {[%emt 0:08:53]} Nxe5 {[%emt 0:00:34]} 19. Bxe5 {[%emt 0:00:22]} Bxc3 {[%emt 0:00:40]} 20. Bxc3 {[%emt 0:00:27]} e5 {[%emt 0:00:21]} 21. Re3 {[%emt 0:00:55]} f6 {[%emt 0:00:23]} 22. Rxe5 {[%emt 0:00:27]} Rf7 {[%emt 0:02:57]} 23. d6 {[%emt 0:01:01]} Qf8 {[%emt 0:01:09]} 24. Re7 {[%emt 0:00:42]} Re8 {[%emt 0:01:14]} 25. Bxf6 {[%emt 0:01:28]} Rxf6 {[%emt 0:00:44]} 26. Qc4+ {[%emt 0:00:24]} Be6 {[%emt 0:00:29]} 27. Qc7 {[%emt 0:01:42]} Rf7 {[%emt 0:01:41]} 28. Qxb7 {[%emt 0:00:59]} Rfxe7 {[%emt 0:00:28]} 29. dxe7 {[%emt 0:00:26]} Qxe7 {[%emt 0:00:21]} 30. Qxe7 {[%emt 0:00:28]} Rxe7 {[%emt 0:00:21]} 31. b3 {[%emt 0:00:21]} Rd7 {[%emt 0:00:32]} 32. Ra1 {[%emt 0:00:54]} Rd2 {[%emt 0:00:23]} 33. h3 {[%emt 0:00:21]} Kf7 {[%emt 0:00:24]} 34. f3 {[%emt 0:00:21]} Bd5 {[%emt 0:00:34]} 35. Rc1 {[%emt 0:00:32]} Rxa2 {[%emt 0:00:29]} 36. Rc7+ {[%emt 0:00:28]} Kf6 {[%emt 0:00:55]} 0-1

[Event "MPL-1 Indian Chess Tour 2022"]
[Site "Online"]
[Date "2022.03.27"]
[Round "15.1"]
[White "Gukesh D"]
[Black "Sethuraman, S.P."]
[Result "1/2-1/2"]
[WhiteElo "2614"]
[BlackElo "2619"]
[Annotator "TA"]
[PlyCount "142"]
[EventDate "2022.03.30"]
[EventType "tourn"]
[EventCountry "NET"]
[SourceTitle "playchess.com"]
[Source "ChessBase"]
[SourceQuality "1"]

{[%evp 12,142,0,0,0,0,8,0,7,14,11,-5,0,0,0,0,0,0,39,22,10,7,26,31,108,115,112,112,119,282,137,-183,-174,-182,-164,-176,-176,-204,-195,-208,-166,-168,-159,-150,-125,-122,-114,-112,-108,-134,-116,-151,-158,-180,-64,-46,-62,-88,0,0,0,0,0,0,0,0,0,0,-7,-52,0,0,0,0,0,0,0,0,0,0,0,0,0,0,0,0,0,0,0,0,0,0,0,0,0,0,0,0,0,0,0,0,0,0,0,0,0,0,0,0,0,0,0,0,0,-8,-8,-34,0,0,0,0,0,0,0,0,0,0,0,0,0,0,0]} 1. d4 e6 2. e4 d5 3. e5 c5 4. c3 Nc6 5. Nf3 Bd7 6. Be2 Nge7 7. Na3 Nf5 8. Nc2 Be7 9. O-O (9. dxc5 {feels hotter.} Bxc5 10. O-O Nh4 11. Bf4) 9... cxd4 10. cxd4 O-O 11. Ne3 Nh4 12. Nxh4 Bxh4 13. Ng4 Qb6 14. Be3 (14. g3 Be7 15. Bd3 Rfc8 $17) 14... h5 15. Nh6+ (15. Bd3 $5 {[%cal Rg4h6]} g6 16. Qf3 $11 (16. Nh6+ Kg7 $11)) 15... gxh6 16. Bd3 $1 f5 $1 ({Don't do} 16... Qxb2 17. Qxh5 Qa3 18. Rad1 $16) 17. Qxh5 Qd8 (17... Bg5 $1 $14 18. Bxg5 hxg5 19. Qg6+ (19. Qxg5+ Kh7 $11) 19... Kh8) 18. Qg6+ $16 ({Not} 18. Qxh6 $2 Rf7 19. Rac1 Rh7 $19) 18... Kh8 19. Qxh6+ Kg8 20. Qg6+ Kh8 21. f4 $2 {[%mdl 8192]} (21. g3 $16 {keeps the pressure on.}) 21... Qe7 $19 22. Qh5+ Qh7 23. Qd1 Be8 24. Be2 Rg8 25. Rc1 Rg6 26. Rf3 Rh6 27. Rh3 Bd7 28. Rc3 Rg8 29. Bf2 Bxf2+ 30. Kxf2 Rgg6 $1 31. Bh5 {[#]} Rg7 $1 32. b4 Nxb4 (32... Qg8 $19 33. Rcg3 Qh7) 33. Be2 $15 Kg8 $1 (33... Nxa2 $2 34. Rxh6 Nxc3 35. Rxh7+ Kxh7 36. Qc2 Nxe2 37. Qxe2 $18) 34. Qb3 {[#]} Nc6 ({Better is} 34... a5 $1 $17 {Hoping for ...Rh4.} 35. a3 Nc6 36. Qxb7 Rxh3 37. Rxh3 Qg6) 35. Qxb7 $11 Rxh3 (35... Nxd4 36. Qb8+ Kf7 37. Qxa7 $18) 36. Rxh3 Qg6 37. Rg3 Qe8 38. Rxg7+ $1 Kxg7 39. Bb5 {White wants to mate with Bxc6.} Kg6 {[%cal Oc6e5]} 40. a4 (40. Bxc6 $5 Bxc6 41. Qxa7 $11) 40... Nb8 (40... a6 $1 $15 41. Bxa6 Nd8) 41. Bxd7 $11 Nxd7 42. Qxa7 Qc8 43. h3 Kf7 44. a5 Ke7 45. Kg3 Qc3+ 46. Kh4 Qc8 47. a6 Qh8+ 48. Kg3 Qg8+ 49. Kh2 Qc8 50. Qb7 Qc1 (50... Qxb7 51. axb7 Ke8 52. g4 $18) 51. Qb4+ Kf7 52. a7 Qxf4+ 53. Kg1 Qe3+ 54. Kf1 Qd3+ 55. Kf2 Qa6 56. Qb8 $1 Nxb8 57. axb8=Q {Black must now prevent Qh8.} Qd3 58. Qb2 f4 59. Kg1 Kg6 60. Qf2 Kf5 61. Kh2 Ke4 62. h4 {Threatens to win with h5.} Qxd4 63. Qf3+ Kxe5 64. h5 Qe4 {And now ...Qxf3 would win.} 65. Qg4 Qf5 66. Qg7+ $1 Ke4 67. h6 {aiming for Qc3.} Qh5+ 68. Kg1 Qd1+ 69. Kh2 {Strongly threatening Qg5.} Qh5+ 70. Kg1 Qd1+ 71. Kh2 Qh5+ 1/2-1/2

[Event "MPL-1 Indian Chess Tour 2022"]
[Site "Online"]
[Date "2022.03.31"]
[Round "15.2"]
[White "Sadhwani, Raunak"]
[Black "Aryan Chopra"]
[Result "1/2-1/2"]
[WhiteElo "2616"]
[BlackElo "2585"]
[Annotator "ChessBase"]
[PlyCount "83"]
[EventDate "2022.03.30"]
[EventType "tourn"]
[EventCountry "NET"]
[SourceTitle "playchess.com"]
[Source "ChessBase"]
[SourceQuality "1"]
[TimeControl "5400+30"]

1. e4 {[%emt 1:15:40]} c6 {[%emt 1:15:40]} 2. d4 {[%emt 0:00:22]} d5 {[%emt 0:00:21]} 3. e5 {[%emt 0:00:20]} c5 {[%emt 0:00:21]} 4. Nf3 {[%emt 0:00:21]} cxd4 {[%emt 0:00:21]} 5. Qxd4 {[%emt 0:00:20]} Nc6 {[%emt 0:00:24]} 6. Qf4 {[%emt 0:00:22]} e6 {[%emt 0:00:21]} 7. Bd3 {[%emt 0:00:21]} Nb4 {[%emt 0:00:25]} 8. Nc3 {[%emt 0:00:28]} Nxd3+ {[%emt 0:00:35]} 9. cxd3 {[%emt 0:00:20]} Bd7 {[%emt 0:00:40]} 10. Bd2 {[%emt 0:00:43]} Ne7 {[%emt 0:00:57]} 11. h4 {[%emt 0:00:22]} h5 {[%emt 0:00:23]} 12. Ne2 {[%emt 0:00:24]} Nf5 {[%emt 0:00:50]} 13. Ng3 {[%emt 0:00:34]} Nxg3 {[%emt 0:01:30]} 14. Qxg3 {[%emt 0:00:20]} Bc6 {[%emt 0:03:34]} 15. Bc3 {[%emt 0:01:17]} Rh6 {[%emt 0:01:11]} 16. Qg5 {[%emt 0:02:50]} Qxg5 {[%emt 0:00:41]} 17. hxg5 {[%emt 0:00:20]} Rh8 {[%emt 0:00:22]} 18. Nd4 {[%emt 0:00:40]} Be7 {[%emt 0:01:12]} 19. f4 {[%emt 0:00:22]} Kd7 {[%emt 0:00:25]} 20. Kd2 {[%emt 0:00:27]} g6 {[%emt 0:00:54]} 21. b4 {[%emt 0:00:57]} Ba4 {[%emt 0:00:45]} 22. Rab1 {[%emt 0:00:38]} Rac8 {[%emt 0:01:14]} 23. b5 {[%emt 0:01:35]} Bc5 {[%emt 0:00:22]} 24. Ne2 {[%emt 0:00:28]} a6 {[%emt 0:01:46]} 25. bxa6 {[%emt 0:00:26]} bxa6 {[%emt 0:00:23]} 26. Bb4 {[%emt 0:02:02]} Bc2 {[%emt 0:01:55]} 27. Rb2 {[%emt 0:01:58]} Rb8 {[%emt 0:00:22]} 28. a3 {[%emt 0:01:53]} Ba4 {[%emt 0:00:23]} 29. Rhb1 {[%emt 0:00:28]} Ba7 {[%emt 0:00:26]} 30. Bc3 {[%emt 0:02:23]} Rxb2+ {[%emt 0:00:24]} 31. Rxb2 {[%emt 0:00:20]} Rb8 {[%emt 0:00:21]} 32. Rxb8 {[%emt 0:00:26]} Bxb8 {[%emt 0:00:23]} 33. Bd4 {[%emt 0:00:22]} Bc7 {[%emt 0:00:28]} 34. Nc3 {[%emt 0:00:21]} Ba5 {[%emt 0:00:31]} 35. g3 {[%emt 0:00:22]} Kc6 {[%emt 0:00:27]} 36. Kc1 {[%emt 0:00:34]} Bxc3 {[%emt 0:00:28]} 37. Bxc3 {[%emt 0:00:20]} Bb5 {[%emt 0:00:39]} 38. Kd2 {[%emt 0:00:22]} Kc5 {[%emt 0:00:24]} 39. Bb4+ {[%emt 0:00:22]} Kc6 {[%emt 0:00:21]} 40. Bc3 {[%emt 0:00:21]} Kc5 {[%emt 0:00:21]} 41. Bb4+ {[%emt 0:00:21]} Kc6 {[%emt 0:00:21]} 42. Bc3 {[%emt 0:00:20]} 1/2-1/2

[Event "MPL-1 Indian Chess Tour 2022"]
[Site "Online"]
[Date "2022.03.27"]
[Round "15.3"]
[White "Gupta, Abhijeet"]
[Black "Karthikeyan, Murali"]
[Result "1-0"]
[WhiteElo "2628"]
[BlackElo "2622"]
[Annotator "TA"]
[PlyCount "111"]
[EventDate "2022.03.30"]
[EventType "tourn"]
[EventCountry "NET"]
[SourceTitle "playchess.com"]
[Source "ChessBase"]
[SourceQuality "1"]

{[%evp 17,111,-20,-10,-62,-58,-77,-79,-81,-64,-87,-70,-75,-73,-94,-21,-27,-12,-9,33,46,48,63,39,34,44,44,89,92,103,79,222,227,222,215,211,223,241,233,239,219,289,289,272,273,233,177,636,636,636,567,511,13,13,13,13,13,13,13,13,13,202,291,289,252,273,256,277,262,100,172,259,259,258,226,1138,883,5093,4133,6861,5181,11815,6613,4706,2650,29971,29972,29972,29972,29973,29972,29971,29971,29971,29972,29979,29980]} 1. d4 Nf6 2. c4 e6 3. Nc3 Bb4 4. a3 Bxc3+ 5. bxc3 c5 6. e3 Nc6 7. Bd3 b6 8. Ne2 O-O 9. e4 Ne8 10. h4 $5 {[%mdl 4] A promising side line. E29: Nimzo-Indian: Sämisch: 5...0-0 6 e3 c5 7 Bd3 Nc6.} (10. Qa4 $11) 10... Ba6 $15 11. h5 Na5 {[#]} 12. h6 $5 $146 {[%mdl 8] Hoping for hxg7. Black is better. New and interesting.} ({Predecessor:} 12. Qa4 cxd4 13. Nxd4 Rc8 14. Nb5 Qf6 15. Bd2 d5 16. cxd5 exd5 17. h6 g6 18. Nxa7 Bxd3 19. Nxc8 {0-1 (27) Golichenko,I (2451)-Sivuk,V (2517) Lvov 2013}) 12... g6 13. O-O {[%cal Bh1f1,Bf1d1,Bd1d7][%mdl 32]} Bxc4 14. Bxc4 Nxc4 15. Qa4 Na5 (15... d5 $17 {Black wants to play ...cxd4.} 16. dxc5 bxc5) 16. dxc5 $1 $11 bxc5 17. Rd1 $36 {[%mdl 2048] White is more active.} Qc7 18. Rxd7 Qc6 19. Qxc6 (19. Qxa5 Qxd7 20. f3 f5 $17) 19... Nxc6 {Pair of Knights!} 20. Bg5 f6 21. Be3 Rf7 22. Rad1 g5 23. f4 {0x0.0013ee608102dp-1022s more active pieces.} Nd4 24. Rxf7 $18 Nxe2+ 25. Kf2 Kxf7 26. Kxe2 gxf4 {[%mdl 4096] Endgame KRB-KRN} 27. Rd7+ (27. Bxf4 $6 e5 $16) (27. Bxc5 Kg6 $11) 27... Kg6 28. Bxf4 (28. Bxc5 a6 $11) 28... a5 29. a4 Rc8 30. Ra7 e5 31. Be3 Nd6 $2 (31... c4 32. Kf3 (32. Rxa5 Nd6 $18) 32... Rb8) 32. Rg7+ $1 ({Less strong is} 32. Kf3 Nf7 $16) 32... Kh5 33. Kf3 Nc4 34. Rxh7 $2 (34. Bc1 $18) 34... Nxe3 $11 35. Kxe3 $18 {KR-KR} c4 36. Ra7 {h7 is the strong threat.} Kxh6 37. Rxa5 Kg5 38. Rd5 Rb8 $2 (38... Rc7 $11) 39. Rc5 $1 Rb2 {[#]} 40. Kf3 ({Weaker is} 40. Rxc4 Rxg2 41. a5 Ra2 $14) 40... Ra2 41. Rxc4 Kh4 42. g3+ Kg5 {[#]} 43. Ke3 $1 Rg2 44. a5 {[%cal Ba4a5,Ba5a6,Ba6a7][%mdl 32] Black must now prevent Ra4.} Rxg3+ 45. Kf2 Kf4 (45... Rh3 46. Ra4 Rxc3) 46. a6 Rh3 47. Ra4 {Intending a7 and mate.} Rh2+ 48. Kg1 Rh8 49. a7 Ra8 50. Kf2 {aiming for Ke2.} f5 51. exf5+ {White mates.} Kxf5 52. Ke3 Ke6 53. Ra5 Kd6 54. Ke4 Kc6 55. Kxe5 Kb7 56. Kd6 {Weighted Error Value: White=0.22 (precise) /Black=0.47} 1-0

[Event "MPL-1 Indian Chess Tour 2022"]
[Site "Online"]
[Date "2022.03.27"]
[Round "15.4"]
[White "Iniyan, P."]
[Black "Narayanan.S.L"]
[Result "1/2-1/2"]
[WhiteElo "2516"]
[BlackElo "2658"]
[Annotator "TA"]
[PlyCount "97"]
[EventDate "2022.03.30"]
[EventType "tourn"]
[EventCountry "NET"]
[SourceTitle "playchess.com"]
[Source "ChessBase"]
[SourceQuality "1"]

{[%evp 16,97,16,0,0,-10,-11,0,-2,-51,-58,-65,-53,-73,-77,-66,-66,-98,-95,-102,-52,-75,-60,-61,-49,-88,-74,-89,0,0,0,0,0,0,0,0,0,-27,-20,-22,-14,-8,-9,-11,-10,-11,-8,-12,-13,-7,-7,-10,-8,-7,-7,-14,-7,-11,-5,-6,0,-6,-6,-27,-27,-27,-14,-14,0,-15,-8,-8,-8,-8,-8,-8,-8,-8,-8,-8,-8,-13,-8,-8]} 1. c4 c5 2. Nf3 {[%cal Bg1f3,Bf3d4,Bd4b3,Bb3c5][%mdl 32]} Nf6 3. g3 Nc6 4. Bg2 d6 5. O-O g6 6. d4 cxd4 7. Nxd4 Bd7 8. Nc3 Bg7 9. Nb3 Qc8 {A31: Symmetrical English: 2 Nf3 Nf6 3 d4.} 10. c5 dxc5 11. Nxc5 Bh3 {[#]} 12. Qb3 $146 (12. Qa4 $11 {might be stronger.}) ({Predecessor:} 12. Qa4 Bxg2 13. Kxg2 O-O 14. Rd1 b6 15. Nd3 Rd8 16. Bf4 Nd4 17. Ne5 Qb7+ 18. f3 {0-1 (31) Mydlarik,M (2127)-Krak,T (2317) Slovakia 2020}) 12... Bxg2 $15 13. Kxg2 b6 14. N5e4 Nxe4 15. Nxe4 O-O 16. Be3 {[#]} Na5 $1 17. Qb4 {[#]} Qe6 (17... Nc4 $1 $17 {...Qc6 is the strong threat.} 18. Bf4 Qe6) 18. Ng5 Qd5+ 19. Nf3 Nc4 20. Bg5 a5 21. Qxe7 Rfe8 ({Of course not} 21... Bxb2 $6 22. Rad1 Qc6 23. Qd7 $11) ({Black should play} 21... Nxb2 $17 {Strongly threatening ...Rfe8.} 22. e4 Qd3) 22. Rad1 $11 Qb5 23. Qb7 Rab8 24. Qd5 Qxd5 25. Rxd5 Nxb2 {[%cal Bc4b2,Bb2a4,Ba4c5][%mdl 32]} 26. e3 Na4 27. Rd7 Nc5 28. Ra7 Ra8 29. Rxa8 Rxa8 30. Rb1 Na4 31. h4 Nc3 {[%csl LRa2,LRb1]} 32. Rxb6 Nxa2 33. Be7 a4 {aiming for ...a3.} 34. Nd4 Nc3 {Threatens to win with ...Bxd4.} ({But not} 34... a3 35. Rb3 $16) 35. Ba3 $1 Bf8 36. Nc2 Bxa3 37. Nxa3 {[%mdl 4096] Endgame KRN-KRN} h5 38. Rb4 Rc8 39. g4 hxg4 40. Rxg4 Kh7 41. Rb4 {The position is equal.} f5 42. Nc4 Ra8 {White must now prevent ...a3.} 43. Na3 Ra7 44. Rc4 Ne4 45. f3 {[%cal Bf2f3,Bf3e4,Be4e5,Be5e6][%mdl 32]} Nf6 46. e4 fxe4 47. fxe4 Kh6 48. e5 Nd7 49. e6 {Weighted Error Value: White=0.07 (flawless) /Black=0.05 (flawless)} 1/2-1/2